Die 20 besten Fußballer aller Zeiten laut ChatGPT - Statistiken

Allgemein
  • Dieses Quiz wurde 174 mal gespielt
  • Das Durchschnittsergebnis liegt bei 11 aus 20
Antwortstatistiken
Antwort % Korrekt
Cristiano Ronaldo
100%
Ronaldo Nazário
100%
Lionel Messi
99%
Pelé
92%
Diego Maradona
83%
Franz Beckenbauer
78%
Ronaldinho
71%
Zinedine Zidane
69%
Johan Cruyff
55%
Andrés Iniesta
49%
Paolo Maldini
49%
Xavi
47%
Thierry Henry
42%
Michel Platini
35%
Marco van Basten
34%
Ferenc Puskás
32%
Alfredo Di Stéfano
28%
Eusébio
27%
George Best
20%
Garrincha
19%
Keine übereinstimmenden Quizze gefunden
Verteilung der Resultate
Anzahl Personen mit jedem Resultat
Perzentil nach korrekt beantworteten Fragen
Ihre Resultats-Entwicklung
Sie haben dieses Quiz noch nicht gespielt